Sujāna Siṅgha-ika adhiaina, (Record no. 54099)

MARC details
000 -LEADER
fixed length control field 00670cam a22002411 4500
001 - CONTROL NUMBER
control field sa 63001726
003 - CONTROL NUMBER IDENTIFIER
control field DLC
005 - DATE AND TIME OF LATEST TRANSACTION
control field 20260227111929.0
008 - FIXED-LENGTH DATA ELEMENTS--GENERAL INFORMATION
fixed length control field 890619s1962 ii 000 0 pano
010 ## - LIBRARY OF CONGRESS CONTROL NUMBER
LC control number sa 63001726
025 ## - OVERSEAS ACQUISITION NUMBER
Overseas acquisition number PL480:I-Pu-150
035 ## - SYSTEM CONTROL NUMBER
System control number (OCoLC)19890269
040 ## - CATALOGING SOURCE
Original cataloging agency DLC
Transcribing agency WaU
Modifying agency NSyU
-- DLC
042 ## - AUTHENTICATION CODE
Authentication code premarc
050 00 - LIBRARY OF CONGRESS CALL NUMBER
Classification number PK2659.S587
Item number Z85
100 1# - MAIN ENTRY--PERSONAL NAME
Personal name Siṅgala, Dharama Pāla.
245 10 - TITLE STATEMENT
Title Sujāna Siṅgha-ika adhiaina,
Statement of responsibility, etc. Dharama Pāla Siṅgala.
250 ## - EDITION STATEMENT
Edition statement [Prathama av̄ritī]
260 ## - PUBLICATION, DISTRIBUTION, ETC.
Place of publication, distribution, etc. Ludhiāṇa,
Name of publisher, distributor, etc. Lāhaura Buka Shāpa
Date of publication, distribution, etc. [1962]
300 ## - PHYSICAL DESCRIPTION
Extent 182 p.
Dimensions 19 cm.
500 ## - GENERAL NOTE
General note In Panjabi.
600 10 - SUBJECT ADDED ENTRY--PERSONAL NAME
Personal name Singh, Sujan,
Dates associated with a name 1909-

No items available.

Powered by Koha